000 01054nam a2200325 a 4500
001 000013929
003 DO-SdBPM
005 20260601124333.0
007 ta
008 091202s2001 dr r 001 e spa d
040 _aDO-SdBPM
_bspa
_cBPMSU
_drda
082 0 4 _aRD864.44
_bH519e 2001
_222
100 1 _aHenríquez Gratereaux, Federico,
_d1937-
_eautor
_4aut.
245 1 0 _aEmpollar huevos históricos :
_bensayos /
_cFederico Henríquez Gratereaux.
246 1 4 _aEmpollar huevos históricos
260 _c.
264 _aSanto Domingo :
_bAlfa y Omega,
_c2001
300 _a217 páginas ;
_c23 cm.
336 _atexto
_btxt
_2rdacontent
337 _asin mediación
_bn
_2rdamedia
338 _avolumen
_bnc
_2rdacarrier
500 _aIncluye datos biográficos del autor en la contracubierta.
590 _aInventariado, 2026/VM
650 7 _aEnsayos dominicanos
650 0 _aLiteratura dominicana.
650 z _aDominican essays
650 z _aDominican literature
910 _aVMateo V. Control de calidad. BPMSU
942 _2ddc
_cBK
999 _c15889
_d15889